000 00333nam a2200133Ia 4500
005 20251222155118.0
008 251222s9999||||xx |||||||||||||| ||spa||
082 _aEBA.94
100 _aRichard Hogston
245 0 _aFundamentos de la práctica de enfermería
250 _a3ra. ed.
264 _bMcGraw Hill Interam.
942 _cLIB
999 _c38303
_d38303